Statistiques concernant Spectacles de Kev Adams

Cliquez ici pour prendre le quiz!

Statistiques générales

  • Ce quiz a été pris 28 fois
  • Le résultat moyen est 4 sur 5

Statistiques - réponses

HintRéponse% Correct
2023Miroir
93%
2013-2015Voilà, Voilà !
89%
2010-2012The Young Man Show
70%
2018-2019Sois 10 ans
63%
2016Tout est possible
63%

Distribution des résultats

Percentile par nombre de réponses

% des personnes avec chaque résultat

Votre développement - résultats

Vous n’avez pas pris ce quiz